35 năm kinh tế Việt Nam ( 1945 - 1980 )

Salvato in:
Dettagli Bibliografici
Autore principale: Viện Kinh tế học Việt Nam
Natura: Libro
Lingua:Undetermined
Pubblicazione: Hà Nội KHXH 1980
Soggetti:
Tags: Aggiungi Tag
Nessun Tag, puoi essere il primo ad aggiungerne! !
Thư viện lưu trữ: Trung tâm Học liệu Trường Đại học Cần Thơ
LEADER 00564nam a2200169Ia 4500
001 CTU_5353
008 210402s9999 xx 000 0 und d
082 |a 330.9597 
082 |b V305 
100 |a Viện Kinh tế học Việt Nam 
245 0 |a 35 năm kinh tế Việt Nam ( 1945 - 1980 ) 
245 0 |c Viện Kinh tế học Việt Nam 
260 |a Hà Nội 
260 |b KHXH 
260 |c 1980 
650 |a vietnam - economic conditions,vietnam - economic policy - 1960 - 1986 
980 |a Trung tâm Học liệu Trường Đại học Cần Thơ